Online Catalogue and eLibrary

9/11: (Record no. 4651)

MARC details
000 -LEADER
fixed length control field 00439nam a2200145Ia 4500
005 - DATE AND TIME OF LATEST TRANSACTION
control field 20250310064955.0
008 - FIXED-LENGTH DATA ELEMENTS--GENERAL INFORMATION
fixed length control field 240331s9999 xx 000 0 und d
082 ## - DDC Classification
Item Number - Author Mark RAG
DDC Edition Number 6101
Class No. 973
100 ## - MAIN ENTRY--PERSONAL NAME
Personal name Raghavan, P
245 #0 - TITLE STATEMENT
Title 9/11:
Remainder of title Soozhchi - Veezhchi - Meetchi
260 ## - PUBLICATION, DISTRIBUTION, ETC.
Place of publication, distribution, etc. Chennai,
Name of publisher, distributor, etc. Kizhakku Pathippagam
Date of publication, distribution, etc. 2004
300 ## - PHYSICAL DESCRIPTION
Extent (e.g. Volumes, Pages etc.) 280 p.,
500 ## - GENERAL NOTE
General note A complete study of Al-Qaeda's attack on American targets on September 11, 2011.
942 ## - Koha item type (Biblio)
Koha item type Books in Stacks (Lending)
Holdings
Lost status Damaged status Collection code Home library Current library Shelving location Date acquired Full call number Accession Number Item type
    Lending WERC Library WERC Library Social Science Cupboard 03/31/2024 973 RAG 6101 Books in Stacks (Lending)

© WERC Library